|
|
|
|
| LEADER |
00921nam a2200253 a 4500 |
| 001 |
c000341021 |
| 003 |
CARM |
| 005 |
00000000000000.0 |
| 008 |
831103s1959 enkach b 00110beng d |
| 019 |
1 |
|
|a 2933945
|5 LACONCORD2021
|
| 035 |
|
|
|a (OCoLC)1540646
|5 LACONCORD2021
|
| 040 |
|
|
|a NUN
|c NUN
|
| 082 |
1 |
|
|a 745.61/0924
|2 19
|
| 100 |
1 |
|
|a Johnston, Priscilla,
|d 1910-
|
| 245 |
0 |
0 |
|a Edward Johnston /
|c by Priscilla Johnston.
|
| 260 |
|
|
|a London :
|b Faber,
|c 1959.
|
| 300 |
|
|
|a 316 p. :
|b ill., facsims., ports. ;
|c 23 cm.
|
| 500 |
|
|
|a Includes index.
|
| 504 |
|
|
|a Bibliography: p. [14]
|
| 600 |
1 |
0 |
|a Johnston, Edward,
|d 1872-1944.
|
| 650 |
|
0 |
|a Calligraphers
|z Great Britain
|x Biography.
|
| 852 |
8 |
|
|b CARM
|h A1:AP25B0
|i B07827
|p 0350181
|f BK
|
| 999 |
f |
f |
|i 46baeade-95ed-5182-86e2-79292b5947b6
|s 13b4abff-92f4-5c0b-9363-6d3bd35f744b
|
| 952 |
f |
f |
|p Can circulate
|a CAVAL
|b CAVAL
|c CAVAL
|d CARM 1 Store
|e B07827
|f A1:AP25B0
|h Other scheme
|i book
|m 0350181
|